<?xml version="1.0" encoding="UTF-8"?>
<record
    xmlns:xsi="http://www.w3.org/2001/XMLSchema-instance"
    xsi:schemaLocation="http://www.loc.gov/MARC21/slim http://www.loc.gov/standards/marcxml/schema/MARC21slim.xsd"
    xmlns="http://www.loc.gov/MARC21/slim">

  <leader>02049nab a2200229uuc4500</leader>
  <controlfield tag="001">1375739</controlfield>
  <controlfield tag="005">20260211100612.0</controlfield>
  <controlfield tag="008">140625e20130705                    spa  </controlfield>
  <datafield tag="035" ind1=" " ind2=" ">
    <subfield code="a">1375739</subfield>
  </datafield>
  <datafield tag="040" ind1=" " ind2=" ">
    <subfield code="c">comduadb</subfield>
  </datafield>
  <datafield tag="041" ind1=" " ind2=" ">
    <subfield code="a">spa</subfield>
  </datafield>
  <datafield tag="100" ind1="1" ind2="0">
    <subfield code="a">Guzm&#xE1;n, Yasm&#xED;n</subfield>
    <subfield code="4">aut</subfield>
    <subfield code="e">aut</subfield>
    <subfield code="9">687768</subfield>
  </datafield>
  <datafield tag="245" ind1="1" ind2="3">
    <subfield code="a">La transferencia del aprendizaje en matem&#xE1;tica: el caso de las funciones lineal, cuadr&#xE1;tica y exponencial</subfield>
  </datafield>
  <datafield tag="520" ind1="3" ind2=" ">
    <subfield code="a">La transferencia del aprendizaje es para algunos autores el prop&#xF3;sito final de dicho proceso, ya que el individuo se educa para la vida y los conocimientos recibidos deben servirle para su desempe&#xF1;o. Siguiendo esta direcci&#xF3;n, el presente trabajo muestra los resultados de la investigaci&#xF3;n realizada sobre la transferencia del aprendizaje, en tres temas de la ense&#xF1;anza de la matem&#xE1;tica, del programa de noveno grado, del nivel de media b&#xE1;sica, a partir de los contenidos sobre definiciones y ejercicios presentados en los textos, utilizando el an&#xE1;lisis de contenido de los libros, clasific&#xE1;ndolos de acuerdo con las definiciones indicadas y con los ejercicios resueltos y propuestos y teniendo en cuenta el concepto cl&#xE1;sico de transferencia de Perkins y Salomon, la transferencia en el aprendizaje de la matem&#xE1;tica desarrollado por Santos y la transposici&#xF3;n did&#xE1;ctica en los contenidos analizados, fen&#xF3;meno inherente en la exposici&#xF3;n de la tem&#xE1;tica expuesta en los textos escolares. En t&#xE9;rminos generales, los resultados mostraron que en los libros de textos, se presenta una transferencia cercana, quedando relegado el prop&#xF3;sito de un aprendizaje &#xFA;til para otras instancias.</subfield>
  </datafield>
  <datafield tag="650" ind1=" " ind2=" ">
    <subfield code="a">Funciones lineales</subfield>
    <subfield code="9">136244</subfield>
  </datafield>
  <datafield tag="650" ind1=" " ind2="7">
    <subfield code="a">Algebra</subfield>
    <subfield code="x">Ense&#xF1;anza</subfield>
    <subfield code="2">lemb</subfield>
    <subfield code="9">110917</subfield>
  </datafield>
  <datafield tag="650" ind1=" " ind2="7">
    <subfield code="a">Educaci&#xF3;n secundaria</subfield>
    <subfield code="2">lemb</subfield>
    <subfield code="9">1350</subfield>
  </datafield>
  <datafield tag="650" ind1=" " ind2=" ">
    <subfield code="a">Transferencia de aprendizaje</subfield>
    <subfield code="9">157551</subfield>
  </datafield>
  <datafield tag="650" ind1=" " ind2="7">
    <subfield code="a">Matem&#xE1;ticas</subfield>
    <subfield code="x">Ense&#xF1;anza</subfield>
    <subfield code="2">lemb</subfield>
    <subfield code="9">190108</subfield>
  </datafield>
  <datafield tag="773" ind1="0" ind2=" ">
    <subfield code="t">Revista U.D.C.A. : Actualidad y Divulgaci&#xF3;n Cient&#xED;fica (Bogot&#xE1;)</subfield>
    <subfield code="g">Volumen 16, N&#xFA;mero 02, Diciembre 2013, p. 543-551</subfield>
    <subfield code="w">800922</subfield>
    <subfield code="x">0123-4226</subfield>
    <subfield code="0">275134</subfield>
  </datafield>
  <datafield tag="942" ind1=" " ind2=" ">
    <subfield code="c">ARIMP</subfield>
  </datafield>
  <datafield tag="999" ind1=" " ind2=" ">
    <subfield code="c">689628</subfield>
    <subfield code="d">689628</subfield>
  </datafield>
</record>
